| 000 | 00578nam a22001937a 4500 | ||
|---|---|---|---|
| 003 | DO-SdBNP | ||
| 005 | 20171201072049.0 | ||
| 008 | 171107b 1981 mx a |||| |||| 00| 0 spa d | ||
| 020 | _a9681802551 | ||
| 040 |
_aBPMSU _bspa _cBPMSU |
||
| 092 |
_axxxx _bxxxx |
||
| 100 | 1 | _aLinton, Andrew F. | |
| 245 | 1 | 0 |
_aIntroduccion a la Contabilidad con Computadoras / _cAndrew F. Linton |
| 260 |
_aMexico : _bLimusa, _c1981. |
||
| 300 |
_a190 p. : _bil. ; _c22 cm. |
||
| 942 |
_2ddc _cBK |
||
| 945 | _ainventariado extranjero / DG | ||
| 956 |
_aLOPEREZ _b10 _c20170711 _h00041 _iBPMSU |
||
| 999 |
_c12773 _d12773 |
||